000 00391nam a22001457a 4500
008 250701b |||||||| |||| 00| 0 eng d
020 _a9789352718702
050 _aHV551.5
_b.S92
100 _aSubramanian R
245 _aDisaster management
260 _aNoida
_bVikas publishing house private limited
_c2022
300 _axvi,326p
_bill.
650 _aEmergency management
942 _cBK
999 _c4025
_d4025